Sexo e orgasmos (Registo nº 13738)
[ vista simples ]
| 000 -Etiqueta do registo | |
|---|---|
| Valores | 00539nam a22002051i 4500 |
| 090 ## - | |
| -- | 13738 |
| 100 ## - Dados gerais de processamento | |
| Dados gerais | 20170304u u u0frey50 ba |
| 101 0# - Língua de publicação | |
| -- | por |
| 200 1# - Titulo e menção de responsabilidade | |
| Primeira menção de responsabilidade | Elena Cervantes |
| Título próprio | Sexo e orgasmos |
| 210 ## - Publicação | |
| Nome do editor | SIC Idea y Creación |
| Data de publicação | D. L. 2007 |
| 215 ## - Descrição física | |
| Paginação / Volumes | 115, [1] p. |
| Outras indicações físicas | il. |
| Dimensões | 22 cm |
| 606 ## - Nome comum usado como assunto | |
| ID Autoridade | 91 |
| Palavra de ordem | sexualidade |
| Subdivisão assunto | Educação |
| -- | Adolescência |
| 675 ## - CDU | |
| Notação | 613.88 |
| 700 #1 - Autor principal (pessoa individual) | |
| Apelido | Cervantes |
| Nome | Elena |
| -- | 070 |
| 702 #1 - Autor secundário (pessoa individual) | |
| Apelido | Taurà |
| Nome | Jacob |
| -- | 440 |
| 702 #1 - Autor secundário (pessoa individual) | |
| Apelido | Domingos |
| Nome | Ricardo |
| -- | 730 |
| 801 ## - Fonte de origem | |
| País | PT |
| Regras de catalogação | RPC |
| 990 ## - Elementos KOHA | |
| Tipo de documento | Livro |
| 994 ## - Estado da catalogação | |
| -- | COMP |
| Situação do levantamento | Estado | Biblioteca de origem | Biblioteca de empréstimo | Código de barras | Cota | Permissão de empréstimo | Tipo de documento | Localização na Estante | Nota relativa ao exemplar |
|---|---|---|---|---|---|---|---|---|---|
| Completo | Biblioteca Municipal de Viana Do Alentejo Pólo Alcáçovas | Biblioteca Municipal de Viana Do Alentejo | 0017839 | 61 CER | Disponível | Livro | Depósito | cx. 240 vnt | |
| Completo | Biblioteca Municipal de Viana Do Alentejo | Biblioteca Municipal de Viana Do Alentejo Pólo Aguiar | 0018214 | 61 CER | Disponível | Livro |